| 000 | 00686nam a2200217Ia 4500 | ||
|---|---|---|---|
| 003 | GCL | ||
| 008 | 140319s9999 xx 000 0 ara d | ||
| 020 | _a5011009977 | ||
| 040 |
_aGCL / _cGCL |
||
| 082 | 0 | 4 | _a709.1ث ف |
| 100 | 1 | _aثروت عكاشة | |
| 245 | 1 | 0 |
_aفن الواسطى من خلال مقامات الحريرى : _bاثر اسلامى مصور / _cثروت عكاشة |
| 250 | _aالاولى | ||
| 260 |
_aالقاهرة : _bدار الشروق ، _c1992 |
||
| 300 |
_a156ص ؛ _c29سم |
||
| 650 | 0 | 4 | _aالفنون |
| 650 | 0 | 4 | _aالفنون الاسلامية |
| 650 | 0 | 4 | _aمقامات الحريرى |
| 650 | 0 | 4 | _aفن الواسطى |
| 942 |
_2ddc _cBK |
||
| 999 |
_c32047 _d32047 |
||